LEADER 01029cam0-2200349---450- 001 990005680720403321 005 20150625105557.0 010 $a2-13-036774-7 035 $a000568072 035 $aFED01000568072 035 $a(Aleph)000568072FED01 035 $a000568072 100 $a19990604d1981----km-y0itay50------ba 101 0 $afre 102 $aFR 105 $a--------001yy 200 1 $a<>roman en Grande-Bretagne depuis 1945$fJean Ruer, Eliane Jacques, Bernard Jacquin ... [et al.] 210 $aParis$cPresses universitaires de France$dc981 215 $a268 p.$d21 cm 225 1 $a<>monde anglophone 610 0 $aRomanzo inglese$aSec. 20. 676 $a823.91409$v22$zita 702 1$aRuer,$bJean 702 1$aJacques,$bEliane 702 1$aJacquin,$bBernard 801 0$aIT$bUNINA$gRICA$2UNIMARC 901 $aBK 912 $a990005680720403321 952 $a823.914 RUE 1$bDip.f.m.68$fFLFBC 959 $aFLFBC 996 $aRoman en Grande-Bretagne depuis 1945$9601030 997 $aUNINA